| 000 | 01364nam0a2200337 i 4500 | ||
|---|---|---|---|
| 001 | RU\NLR\BIBL_A\010451470 | ||
| 005 | 20260409071702.0 | ||
| 010 |
_a9785722908913 _9200 |
||
| 021 |
_aRU _b2014-44082 _92677 |
||
| 035 | _a(NILC)RuMoRGB-007506332 | ||
| 035 | _a(NLR Aleph) 010451470 | ||
| 090 |
_a9930356 _c9930356 |
||
| 100 | _a20140815d2014 k y0rusy50 ca | ||
| 101 | 0 | _arus | |
| 102 | _aRU | ||
| 105 | _ay|||z|||000yy | ||
| 200 | 1 |
_aПросвещение в России: взгляд западников и славянофилов _fЛ. Н. Беленчук _gПравослав. Свято-Тихоновский гуманитарный ун-т |
|
| 210 |
_aМосква _cИзд-во ПСТГУ _d2014 |
||
| 215 |
_a147, [1] с. _d21 |
||
| 320 | _aБиблиогр. в конце кн. (67 назв.) и в подстроч. примеч. | ||
| 606 |
_aОбразование _xФилософские вопросы _3RU\NLR\AUTH\66769152 _91723116 |
||
| 606 |
_aОбразование _xИстория _yРоссия _z19 в. _92308331 _3RU\NLR\AUTH\661381618 |
||
| 686 | 1 | _aЧ30в | |
| 686 | 1 | _aЧ33(2)5 | |
| 686 | 1 | _aЮ252:Ч30 | |
| 700 | 1 |
_aБеленчук _bЛ. Н. _gЛариса Николаевна |
|
| 801 | 0 |
_aRU _bРГБ _c20140616 _gRCR |
|
| 942 | _cBOOK | ||
| 980 | _aNBR | ||